000
00238nam a2200109Ia 4500
999
_c
9060
_d
9060
020
_a
9781854712967
100
_a
Mark Twain
245
4
_a
The Prince and The Pauper
260
_a
New Delhi
_b
Bantam Books
_c
1995
300
_a
428
942
_c
BK